| 000 | 02086nam a22002417a 4500 | ||
|---|---|---|---|
| 001 | 7272 | ||
| 003 | FISKH | ||
| 005 | 20250707100216.0 | ||
| 008 | 250707b cb ||||| |||| 00| 0 eng d | ||
| 020 | _a9780545620246 | ||
| 040 |
_aFISKH _beng _cFISKH _dFISKH |
||
| 050 | _aTH375 .H83 | ||
| 082 | _a690 | ||
| 100 | _aHudson, Cheryl Willis | ||
| 245 |
_aConstruction zone / _cPhotographs by Richard Sobol ; Text by Cheryl Willis Hudson |
||
| 260 |
_aNew York : _bScholastic, _c2006. |
||
| 300 |
_a32 unnumbered pages : _bcolor illustrations ; _c26 cm |
||
| 520 | _aPut on your hard hat and step inside the construction zone: you're invited on a virtual tour of a building in progress. Put on your hard hat and step inside CONSTRUCTION ZONE! Caution! Construction zone ahead! Anyone who has ever stopped to watch a big building going up - and who hasn't? - will be thrilled by this behind-the-scenes look at an amazing construction project. Young readers are invited to come on a virtual tour of a building in progress, led by award-winning photographer Richard Sobol. It takes hundreds of workers, thousands of trucks and machines, and millions of nails and bolts to transform an idea on paper into an actual building in which people will live, play, shop, or work. Every single piece of the construction puzzle - big and small - must fit together flawlessly. With a clear, direct narrative and handy definitions of construction-related jobs, machines, and terms, Cheryl Willis Hudson distills this most complex of projects into language a young child can grasp. The building itself - the Stata Center at the Massachusetts Institute of Technology, designed by Pritzker Prize-winning architect Frank O. Gehry - is playful and colorful, sculpted to excite, delight, and surprise. Richard Sobol's vivid color photographs capture all the excitement of the busy construction site, while offering a close-up view of its breathtaking genius. | ||
| 650 |
_aArchitecture _vBuilding sites _xConstruction |
||
| 700 |
_aSobol, Richard _eillustrator |
||
| 942 |
_2ddc _cBK _n0 |
||
| 999 |
_c7272 _d7272 |
||